Carta a un joven pintor

Sábháilte in:
Sonraí bibleagrafaíochta
Príomhchruthaitheoir: Read, Herbert Edward (Údar)
Formáid: LEABHAR
Teanga:Spáinnis
Foilsithe / Cruthaithe: Buenos Aires Siglo Veinte 1985
Ábhair:
Clibeanna: Cuir clib leis
Níl clibeanna ann, Bí ar an gcéad duine le clib a chur leis an taifead seo!

MARC

LEADER 00000nam a2200000 a 4500
001 UCS5221
003 CL-VaPUC
008 970830e19850000AG |||||||||||||||||spa|d
082 0 4 |a 750.118  |b REA  |2 21 
100 0 |a Read, Herbert Edward  |e author  |9 391071 
245 1 0 |a Carta a un joven pintor 
300 |a 192 p 
942 |c BK 
945 |d 19970830 00:00:00  |a jquezada 
260 |a Buenos Aires  |b Siglo Veinte  |c 1985 
650 0 |a Filosofía del arte  |9 264951 
650 0 |a Arte abstracto   |9 265105 
650 0 |a Crítica de arte  |9 334590 
650 0 |a Pintores  |y Siglo 20  |9 391072 
583 |a last modification  |c 19970830 00:00:00  |k Rodrigo Vera 
999 |c 261840  |d 261838 
952 |0 0  |1 0  |4 0  |6 750_118000000000000_REA_1985  |7 0  |8 A  |9 289691  |a BIBARQ  |b BIBARQ  |d 2019-11-19  |i 3342018  |o 750.118 REA 1985  |p 3342018  |r 2025-01-20  |w 2019-11-19  |y BK  |k ARQ